000 00735cam a22002412 4500
001 0000001121
005 20151021151051.0
008 070226s xx 000 0 eng d
020 _a084993124X (pbk.) :
_cKES 2,190
040 _aKABU
_cKABU
050 0 _aBV4012.2
_b.C65 1988
100 1 _aCollins, Gary R.
_@0000159858
245 1 0 _aChristian counseling :
_ba comprehensive guide /
_cGary R. Collins.
250 _arev. ed.
260 _aDallas :
_bWord Pub.,
_cc1988.
300 _a711 p. ;
_c24 cm.
500 _aIncludes index.
504 _aBibliography: p. 596-701.
650 0 _aPastoral counseling.
_@0000149278
908 _a070226
950 _@1
999 _c306
_d306